00286nam a2200109Ia 450000500170000000800410001710000190005824500640007726000110014130000110015265000130016320260328101521.0260328s9999||||xx |||||||||||||| ||und|| aMelvin, Jeremy 0a...ismos :b Para entender la Arquitectura /cJeremy Melvin bTurner a159 p. aHISTORIA